| 000 | 00883nam a22002897a 4500 | ||
|---|---|---|---|
| 005 | 20251104145552.0 | ||
| 008 | 251104b |||||||| |||| 00| 0 eng d | ||
| 020 | _a9789387791244 | ||
| 040 | _cAL | ||
| 041 | _aEnglish | ||
| 082 |
_a650.1 _bKAMT |
||
| 100 |
_aVinay Kamath Ed _9243821 |
||
| 245 |
_aTable talk _b: conversations with leaders |
||
| 260 |
_aChennai _bTHG Publishing Privathe Limited _c2025 |
||
| 300 |
_a183p. _bPB _c23x15cm. |
||
| 365 |
_a695-2025/26 _b₹239.00 _c₹ _d₹299.00 _e20% _f07-10-2025 |
||
| 440 |
_aThe Hindu series _9243794 |
||
| 650 |
_aLeadership _9243795 |
||
| 650 |
_aBusiness people _9243796 |
||
| 650 |
_aInterviews _9243797 |
||
| 650 |
_aSuccess _9243798 |
||
| 700 |
_aRao,Parimala Ed _9243799 |
||
| 700 |
_aBalaji,Indira Ed _9243800 |
||
| 700 |
_aRajkumar,Mythili Ed _9243801 |
||
| 700 |
_aRevanna,Ananya Ed _9243802 |
||
| 942 |
_2ddc _cBK |
||
| 999 |
_c240657 _d240657 |
||